<?xml version="1.0" encoding="UTF-8"?>
<resp>
  <nextPage>https://data.bn.org.pl/api/networks/bibs.marcxml?marc=001+b00001150002175&amp;sinceId=1150002176</nextPage>
  <collection>
    <record xmlns='http://www.loc.gov/MARC21/slim'><leader>01588namZa2200313ZiZ4500</leader><controlfield tag='001'>b00001150002175</controlfield><controlfield tag='005'>20241203214357.2</controlfield><controlfield tag='008'>230609s        pl           |000 0 pol c</controlfield><controlfield tag='009'>9913261970605606</controlfield><datafield ind1=' ' ind2=' ' tag='035'><subfield code='a'>KR_1KR_1_20120317232818031255-48omnis_kr</subfield></datafield><datafield ind1=' ' ind2=' ' tag='035'><subfield code='a'>KR_1_20120317232818031255</subfield><subfield code='9'>ExL</subfield></datafield><datafield ind1=' ' ind2=' ' tag='035'><subfield code='a'>(PL)b00001150002175</subfield></datafield><datafield ind1=' ' ind2=' ' tag='040'><subfield code='a'>KR_1</subfield><subfield code='c'>KR_1</subfield></datafield><datafield ind1='0' ind2=' ' tag='041'><subfield code='a'>pol</subfield></datafield><datafield ind1='1' ind2=' ' tag='100'><subfield code='a'>Zybert, Elżbieta Barbara</subfield></datafield><datafield ind1='1' ind2='0' tag='245'><subfield code='a'>Organizacja i zarządzanie bibliotekami - zastosowanie standardów Unii Europejskiej /</subfield><subfield code='c'>Elżbieta barbara Zybert, Małgorzata Kisilowska. Instytut Informacji Naukowej i Studiów Bibliologicznych Uniwersytetu Warszawskiego. Centrum Edukacji Bibliotekarskiej, Informacyjnej i Dokumentacyjnej im. Heleny Radlińskiej.</subfield></datafield><datafield ind1=' ' ind2=' ' tag='260'><subfield code='a'>W-wa :</subfield><subfield code='b'>IIN i SB UW :</subfield><subfield code='b'>CEBID ;</subfield><subfield code='c'>2003.</subfield></datafield><datafield ind1=' ' ind2=' ' tag='300'><subfield code='a'>87 s., [14] s. ;</subfield><subfield code='c'>30 cm</subfield></datafield><datafield ind1='1' ind2=' ' tag='490'><subfield code='a'>Informacja Europejska w Polskich Bibliotekach Publicznych</subfield></datafield><datafield ind1=' ' ind2=' ' tag='500'><subfield code='a'>n</subfield></datafield><datafield ind1='2' ind2='9' tag='610'><subfield code='a'>Unia Europejska</subfield></datafield><datafield ind1='1' ind2=' ' tag='700'><subfield code='a'>Kisilowska, Małgorzata</subfield></datafield><datafield ind1='1' ind2=' ' tag='710'><subfield code='a'>Polska</subfield><subfield code='b'>Instytut Informacji Naukowej i Studiów Bibliologicznych Uniwersytetu Warszawskiego</subfield><subfield code='b'>Centrum Edukacji Bibliotekarskiej, Informacyjnej i Dokumentacyjnej im. Heleny Radlińskiej</subfield></datafield><datafield ind1=' ' ind2=' ' tag='852'><subfield code='b'>48OMNIS_NETWORK</subfield><subfield code='8'>9913261970605606</subfield></datafield><datafield ind1=' ' ind2=' ' tag='852'><subfield code='b'>48OMNIS_KR</subfield><subfield code='8'>991000021749708216</subfield></datafield></record>
  </collection>
</resp>
